Music Acts - E - Statistics

General Stats
  • This quiz has been taken 35 times
  • The average score is 7 of 15
Answer Stats
Hint Answer % Correct
Bailamos, Hero (Spain) Enrique Iglesias
88%
Heartache Tonight, Hotel California (US) The Eagles
88%
My Name Is, Like Toy Soldiers (US) Eminem
79%
Here Comes The Rain Again, Thorn In My Side (UK) Eurythmics
73%
Book Of Days, Caribbean Blue (Ireland) Enya
48%
Shine A Little Love, Don't Bring Me Down (UK) Electric Light Orchestra
42%
Unbelievable, I Believe (UK) EMF
39%
The Price Of Love, Cathy's Clown (US) The Everly Brothers
39%
Fantasy, Let's Groove (US) Earth Wind And Fire
36%
Love To Hate You, Blue Savannah (UK) Erasure
36%
The Last Waltz, There Goes My Everything (UK) Engelbert Humperdinck
30%
Nothing Lasts Forever, The Cutter (UK) Echo And The Bunnymen
21%
WEak Spot, High Energy (US) Evelyn Thomas
15%
Missing, Wrong (UK) Everything But The Girl
15%
Where Is My Man, Under The Bridges of Paris (US) Eartha Kitt
9%
No matching quizzes found
Score Distribution
Percent of People with Each Score
Percentile by Number Answered
Your Score History
You have not taken this quiz